Glimpses of Persian Language and Literature (Record no. 215836)

MARC details
000 -LEADER
fixed length control field 00599nam a2200193 4500
005 - DATE AND TIME OF LATEST TRANSACTION
control field 20260409121639.0
010 ## - LCCN (DPL NO)
LC control number ENG-148204
020 ## - INTERNATIONAL STANDARD BOOK NUMBER
International Standard Book Number 9789393785039
Terms of availability 300.00
035 ## - SYSTEM CONTROL NUMBER
System control number EN-131736
037 ## - SOURCE OF ACQUISITION
Stock number DBAD
082 ## - DEWEY DECIMAL CLASSIFICATION NUMBER
Edition number 1
Classification number 899.15
100 ## - MAIN ENTRY--PERSONAL NAME
Personal name Siddiqui, Prof. Mazher Alam
245 ## - TITLE STATEMENT
Title Glimpses of Persian Language and Literature
Statement of responsibility, etc Prof. Mazher Alam Siddiqui
250 ## - EDITION STATEMENT
Edition statement 1
260 ## - PUBLICATION, DISTRIBUTION, ETC. (IMPRINT)
Place of publication, distribution, etc Daryaganj
Name of publisher, distributor, etc Educational Publishing House
270 ## - ADDRESS
Address H.O D1/16 Ansari Road, Daryaganj, New Delhi-110002
300 ## - PHYSICAL DESCRIPTION
Extent 138.pg
Dimensions 22cm(Hb)
942 ## - ADDED ENTRY ELEMENTS (KOHA)
Source of classification or shelving scheme Dewey Decimal Classification
Item type English Books
Edition 1
Classification part 899.15
Call number suffix SID
Holdings
Withdrawn status Lost status Not for loan Home library Current library Date acquired Source of acquisition Cost, normal purchase price Full call number Barcode Copy number Cost, replacement price Koha item type
      D.B.Act.Division D.B.Act.Division 09/04/2026 DBAD 300.00 899.15 SID EN-131736 1 300.00 English Books

© Delhi Public Library
Hit Counter
free hit counter